General Intelligence & Reasoning : (Record no. 181475)
[ view plain ]
| 000 -LEADER | |
|---|---|
| fixed length control field | 00530nam a22001697a 4500 |
| 005 - DATE AND TIME OF LATEST TRANSACTION | |
| control field | 20210923151120.0 |
| 010 ## - LCCN (DPL NO) | |
| LC control number | ENG-129954 |
| 020 ## - INTERNATIONAL STANDARD BOOK NUMBER | |
| International Standard Book Number | 9789386720276 |
| Terms of availability | 399.00 |
| 035 ## - SYSTEM CONTROL NUMBER | |
| System control number | EN-113454 |
| 037 ## - SOURCE OF ACQUISITION | |
| Source of stock number/acquisition | DBAD/PUB |
| 082 ## - DEWEY DECIMAL CLASSIFICATION NUMBER | |
| Classification number | 000 |
| 245 ## - TITLE STATEMENT | |
| Title | General Intelligence & Reasoning : |
| Statement of responsibility, etc | edited by Saifuddin Nawab |
| 260 ## - PUBLICATION, DISTRIBUTION, ETC. (IMPRINT) | |
| Name of publisher, distributor, etc | Rathore |
| Place of publication, distribution, etc | India |
| Date of publication, distribution, etc | 2019 |
| 270 ## - ADDRESS | |
| City | Ghaziabad |
| Postal code | 201010 |
| Address | Basement,260,Shaktikhand-III Indirapuram |
| Electronic mail address | rathorepublishers@gmail.com |
| 300 ## - PHYSICAL DESCRIPTION | |
| Extent | 155p. |
| Dimensions | 25cm(hbk) |
| 942 ## - ADDED ENTRY ELEMENTS (KOHA) | |
| Source of classification or shelving scheme | Dewey Decimal Classification |
| Item type | English Books |
| Classification part | 000 |
| Call number suffix | GEN |
| Withdrawn status | Lost status | Not for loan | Collection code | Home library | Current library | Date acquired | Source of acquisition | Cost, normal purchase price | Full call number | Barcode | Copy number | Cost, replacement price | Koha item type |
|---|---|---|---|---|---|---|---|---|---|---|---|---|---|
| Non-fiction | Shahdara Branch | Shahdara Branch | 15/09/2021 | DBAD/PUB | 399.00 | 000 GEN | EN-113454 | 1 | 399.00 | English Books |
